Tilastot visalle Tonavan maat

Klikkaa tästä pelataksesi tätä visaa!

Yleistilastot

  • Tätä visaa on pelattu 743 kertaa
  • Keskiarvotulos 9 / 10

Vastaustilastot

Valtio% Oikein
Saksa
96%
Itävalta
95%
Unkari
94%
Slovakia
93%
Romania
91%
Bulgaria
87%
Serbia
83%
Kroatia
80%
Ukraina
77%
Moldova
75%

Tulosjakauma

Persentiili vastausten määrän mukaan

Jokaisen tuloksen saaneiden osuus

Tuloshistoriasi

Et ole pelannut tätä visaa